Podpora schopným vývozcům. Státní dotace, daňové úlevy, bezúročné půjčky i morální "injekce".

Charakteristika podpôr vývozu uplatňovaných v súčasnom období vo Francúzsku, Fínsku, Belgicku, Dánsku, Nórsku, Švédsku, Holandsku, Portugalsku, Španielsku a Rakúsku. Príklady podpôr sú zamerané predovšetkým na vývoz produkcie spracovateľského priemyslu.

Gespeichert in:
Bibliographische Detailangaben
1. Verfasser: Dvořáčková, A.
Format: Buchkapitel
Sprache:Tschechisch
Schlagworte:
Tags: Tag hinzufügen
Keine Tags, Fügen Sie das erste Tag hinzu!

MARC

LEADER 00000naa a2200000 4500
001 r013426
005 20221213090120.9
041 0 |a cze 
044 |a SK 
245 1 0 |a Podpora schopným vývozcům.  |b Státní dotace, daňové úlevy, bezúročné půjčky i morální "injekce".  |c A. Dvořáčková 
520 |a Charakteristika podpôr vývozu uplatňovaných v súčasnom období vo Francúzsku, Fínsku, Belgicku, Dánsku, Nórsku, Švédsku, Holandsku, Portugalsku, Španielsku a Rakúsku. Príklady podpôr sú zamerané predovšetkým na vývoz produkcie spracovateľského priemyslu. 
610 2 0 |a vývoz 
610 2 0 |a západná Európa 
610 2 0 |a priemysel spracovateľský 
610 2 0 |a podpory 
610 2 0 |a dotácie 
610 2 0 |a úľavy daňové 
610 2 0 |a pôžičky štátne 
100 1 |a Dvořáčková, A.